অসমাপ্ত / (Record no. 78259)
[ view plain ]
| 000 -LEADER | |
|---|---|
| fixed length control field | 00677nam a2200217 a 4500 |
| 001 - CONTROL NUMBER | |
| control field | 78259 |
| 003 - CONTROL NUMBER IDENTIFIER | |
| rucl marc code | BD-RjUL |
| 005 - DATE AND TIME OF LATEST TRANSACTION | |
| control field | 20211209083117.0 |
| 008 - FIXED-LENGTH DATA ELEMENTS--GENERAL INFORMATION | |
| fixed length control field | 210829s2014 bg ||||| |||| 00| 0 ben d |
| 020 ## - INTERNATIONAL STANDARD BOOK NUMBER | |
| International Standard Book Number | 9789848968864 |
| 035 ## - SYSTEM CONTROL NUMBER | |
| System control number | (BD-RjUL)78485 |
| 040 ## - CATALOGING SOURCE | |
| Original cataloging agency | BD-RjUL |
| Language of cataloging | eng |
| Transcribing agency | BD-RjUL |
| 041 ## - LANGUAGE CODE | |
| Language code of text/sound track or separate title | eng |
| 082 ## - DEWEY DECIMAL CLASSIFICATION NUMBER | |
| Edition number | 23 |
| Classification number | 891.443 |
| Author mark and year | ROO 2014 |
| 245 10 - TITLE STATEMENT | |
| Title | অসমাপ্ত / |
| Statement of responsibility, etc. | চামেলী রায় |
| 260 ## - PUBLICATION, DISTRIBUTION, ETC. (IMPRINT) | |
| Place of publication, distribution, etc. | ঢাকা : |
| Name of publisher, distributor, etc. | নন্দিতা প্রকাশ, |
| Date of publication, distribution, etc. | ২০১৪ |
| 300 ## - PHYSICAL DESCRIPTION | |
| Pagination | ১২৮ পৃ.; |
| Size | ২২ সেমি. |
| 650 ## - SUBJECT ADDED ENTRY--TOPICAL TERM | |
| Topical term or geographic name as entry element | বাংলা উপন্যাস |
| 9 (RLIN) | 247236 |
| Topical term or geographic name as entry element | Bengali novels |
| 9 (RLIN) | 247237 |
| 942 ## - ADDED ENTRY ELEMENTS (KOHA) | |
| Source of classification or shelving scheme | Dewey Decimal Classification |
| Koha item type | Books |
| Lost status | Source of classification or shelving scheme | Damaged status | Not for loan | Collection code | Permanent Location | Current Location | Shelving location | Date acquired | Source of acquisition | Cost, normal purchase price | Total Checkouts | Full call number | Date last seen | Copy number | Koha item type |
|---|---|---|---|---|---|---|---|---|---|---|---|---|---|---|---|
| Dewey Decimal Classification | Non-fiction | Central Library, University of Rajshahi | Central Library, University of Rajshahi | 11/04/2021 | Author | 250.00 | B 891.443 ROO 2014 | 29/08/2021 | C-2 | Books | |||||
| Dewey Decimal Classification | Not For Loan | Non-fiction | Central Library, University of Rajshahi | Central Library, University of Rajshahi | 11/04/2021 | Author | 250.00 | B 891.443 ROO 2014 | 29/08/2021 | C-1 | Books |